000 00265nam a22001217a 4500
008 170714b xxu||||| |||| 00| 0 eng d
041 _aeng
080 _a101
100 _a24
101 _aFJA
245 _aSCIENCE AND PHILOSOPHY
_cWHITEHEAD,A,N
942 _2udc
_cBK
999 _c20707
_d20707